Úplné znenie zákona o náhrade príjmu pri dočasnej pracovnej neschopnosti zamestnanca a o zmene a doplnení niektorých zákonov

Podmienky nároku na náhradu príjmu. Výška náhrady príjmu. Spoločné ustanovenia zákona.

Guardado en:
Detalles Bibliográficos
Formato: Capítulo de libro
Lenguaje:eslovaco
Materias:
Etiquetas: Agregar Etiqueta
Sin Etiquetas, Sea el primero en etiquetar este registro!

MARC

LEADER 00000naa a2200000 4500
001 0167364
005 20231109104009.7
041 0 |a slo 
044 |a SK 
245 1 0 |a Úplné znenie zákona o náhrade príjmu pri dočasnej pracovnej neschopnosti zamestnanca a o zmene a doplnení niektorých zákonov 
520 |a Podmienky nároku na náhradu príjmu. Výška náhrady príjmu. Spoločné ustanovenia zákona. 
610 2 0 |a zákony 
610 2 0 |a legislatíva 
610 2 0 |a zamestnanci 
610 2 0 |a zamestnávatelia 
610 2 0 |a príjmy 
610 2 0 |a práceneschopnosť 
610 2 0 |a základ vymeriavací